[Event "ch-FRA Blitz Online Qual"]
[Site "Europe-Chess INT"]
[Date "2020.05.16"]
[Round "7"]
[White "Viennot, Dylan"]
[Black "Guillemart, Serge"]
[Result "0-1"]
[WhiteTitle "FM"]
[WhiteElo "2331"]
[BlackElo "2107"]
[WhiteFideId "676098"]
[BlackFideId "26015579"]
[EventDate "2020.05.16"]

1. e4 e5 2. f4 d5 3. exd5 c6 4. d4 exd4 5. Nf3 Bc5 6. Nbd2 Nf6 7. Nb3 Bb4+ 8.
Bd2 Bxd2+ 9. Qxd2 O-O 10. O-O-O cxd5 11. Bd3 Nc6 12. Nbxd4 Bg4 13. h3 Bxf3 14.
Nxf3 Qc7 15. Kb1 Rfe8 16. Rhe1 Ne4 17. Bxe4 dxe4 18. Ng5 Rad8 19. Qe2 Nb4 20.
Rxd8 Rxd8 21. a3 Qxf4 22. Nxf7 Qxf7 23. axb4 Re8 24. Qb5 a6 25. Qb6 h6 26. Qd4
Qe6 27. Re3 Qg6 28. g4 Qe6 29. c4 Qf6 30. Rxe4 Qg6 31. Qd5+ Kh7 0-1

[Event "ch-FRA Blitz Online Qual"]
[Site "Europe-Chess INT"]
[Date "2020.05.16"]
[Round "7"]
[White "Perez Marco, Ricardo"]
[Black "Fantinel, Thibault"]
[Result "0-1"]
[BlackTitle "IM"]
[WhiteElo "2064"]
[BlackElo "2375"]
[WhiteFideId "2256401"]
[BlackFideId "663395"]
[EventDate "2020.05.16"]

1. e4 c5 2. Nf3 Nc6 3. d4 cxd4 4. Nxd4 e5 5. Nxc6 bxc6 6. c4 Nf6 7. Nc3 Bb4 8.
Bd3 O-O 9. O-O d6 10. Bg5 h6 11. Bxf6 Qxf6 12. Qa4 Bxc3 13. bxc3 Bd7 14. Rab1
Qd8 15. Qa6 Qc8 16. Qb7 Rd8 17. f4 exf4 18. Rxf4 Be6 19. Rf3 Qxb7 20. Rxb7 Rdb8
21. Rc7 c5 22. e5 dxe5 23. Be4 Rc8 24. Rxc8+ Rxc8 25. Bd5 Bxd5 26. cxd5 c4 27.
Rf2 Kf8 28. Rb2 Rd8 29. Rb7 Rxd5 30. Rxa7 Rd2 31. Rc7 Rxa2 32. Rxc4 Ke7 33. Rc7+
Ke6 34. c4 g5 35. Rc6+ Kf5 36. c5 f6 37. Rc8 Rc2 38. c6 h5 39. c7 h4 40. Kf1 e4
41. g3 h3 42. Kg1 Kg4 43. Rf8 Rxc7 44. Rxf6 Rc1+ 45. Kf2 Rc2+ 46. Kg1 Rg2+ 47.
Kh1 e3 48. Re6 Re2 0-1

[Event "ch-FRA Blitz Online Qual"]
[Site "Europe-Chess INT"]
[Date "2020.05.16"]
[Round "7"]
[White "Shirazi, Kamran"]
[Black "Lambach, Maxime"]
[Result "1-0"]
[WhiteTitle "IM"]
[WhiteElo "2355"]
[BlackElo "1980"]
[WhiteFideId "2000733"]
[BlackFideId "36056880"]
[EventDate "2020.05.16"]

1. d4 d5 2. c4 e6 3. Nc3 Nf6 4. cxd5 exd5 5. Nf3 Be7 6. g3 c6 7. Bg2 O-O 8. O-O
Bf5 9. Bf4 h6 10. Ne5 Nbd7 11. Re1 Nxe5 12. dxe5 Ne4 13. Nxe4 dxe4 14. Qc2 Qb6
15. b3 Qb4 16. a3 Qb6 17. b4 a5 18. bxa5 Rxa5 19. Bxe4 Bxe4 20. Qxe4 Rxa3 21.
Rxa3 Bxa3 22. Rb1 Qa5 23. Rxb7 Rd8 24. e6 Qe1+ 25. Kg2 fxe6 26. Qxe6+ Kh8 27.
Be5 Bf8 28. Qxh6+ Kg8 29. Rxg7+ 1-0

[Event "ch-FRA Blitz Online Qual"]
[Site "Europe-Chess INT"]
[Date "2020.05.16"]
[Round "7"]
[White "Loiseau, Quentin"]
[Black "Quere, Alexandre"]
[Result "1-0"]
[WhiteTitle "IM"]
[WhiteElo "2457"]
[BlackElo "2022"]
[WhiteFideId "665274"]
[BlackFideId "631086"]
[EventDate "2020.05.16"]

1. e4 c5 2. Nf3 Nc6 3. Bb5 g6 4. Bxc6 dxc6 5. O-O Bg7 6. Nc3 Nf6 7. Re1 Nd7 8.
b3 e5 9. Bb2 O-O 10. d3 Re8 11. Ne2 Nf8 12. Ng3 Qc7 13. c3 Bg4 14. h3 Bxf3 15.
Qxf3 Rad8 16. Rad1 Ne6 17. a3 a5 18. Rd2 Rd7 19. Nf1 Bh6 20. Ne3 Red8 21. Qd1
Nf4 22. d4 cxd4 23. cxd4 exd4 24. Ng4 Bg7 25. e5 d3 26. Qf3 Ne2+ 27. Kh1 h5 28.
Nf6+ Bxf6 29. exf6 Nd4 30. Qe3 Nf5 31. Qg5 Rd4 32. Bxd4 Nxd4 33. Rxd3 Nf5 34.
Rxd8+ Qxd8 35. Qc1 Kh7 36. Qa1 Qd2 37. Kg1 Nd4 38. Qd1 Nxb3 39. Qxd2 Nxd2 40.
Re7 Kg8 41. Rxb7 Ne4 42. Ra7 Nxf6 43. Rxa5 Ne4 44. Ra8+ Kg7 45. a4 c5 46. a5 c4
47. a6 Nd6 48. Rd8 Nb5 49. Rc8 c3 50. Rc5 1-0

[Event "ch-FRA Blitz Online Qual"]
[Site "Europe-Chess INT"]
[Date "2020.05.16"]
[Round "7"]
[White "Le Goff, Ronan"]
[Black "Labelle, Ambroise"]
[Result "1-0"]
[WhiteTitle "FM"]
[WhiteElo "2267"]
[BlackElo "1952"]
[WhiteFideId "612073"]
[BlackFideId "26092050"]
[EventDate "2020.05.16"]

1. d4 e6 2. Nf3 Nf6 3. Bf4 d5 4. e3 Bd6 5. Bg3 c5 6. c3 Qc7 7. Nbd2 Nbd7 8. Bd3
e5 9. dxe5 Nxe5 10. Bxe5 Bxe5 11. Nxe5 Qxe5 12. Nf3 Qe7 13. Bb5+ Bd7 14. Bxd7+
Qxd7 15. O-O O-O 16. Qc2 Qe6 17. Rad1 Rad8 18. Qa4 a6 19. Qa5 Ne4 20. Nd2 Rc8
21. Nxe4 Qxe4 22. Rd2 Rfd8 23. Rfd1 d4 24. cxd4 cxd4 25. Qb6 d3 26. f3 Qc4 27.
e4 Rd7 28. b3 Qc3 29. Qe3 Rcd8 30. h4 h5 31. g3 a5 32. Kg2 b5 33. Qg5 g6 34.
Qxb5 Rd4 35. Qe5 Qb4 36. Qf6 a4 37. bxa4 Qxa4 38. e5 Qb4 39. e6 Rf8 40. exf7+
Rxf7 41. Qxg6+ Rg7 42. Qe8+ Kh7 43. Qe3 Rxh4 44. Rxd3 Rc4 45. R3d2 h4 46. Qd3+
Kh6 47. Rh1 Rxg3+ 48. Kf2 Kg5 49. Qe3+ Kg6 50. Qe6+ Kg5 51. Rd5+ Kf4 52. Qf6# 1-0

[Event "ch-FRA Blitz Online Qual"]
[Site "Europe-Chess INT"]
[Date "2020.05.16"]
[Round "7"]
[White "Perrin, Antoine"]
[Black "Guadalpi, David"]
[Result "1-0"]
[BlackTitle "FM"]
[WhiteElo "1967"]
[BlackElo "2272"]
[WhiteFideId "45127255"]
[BlackFideId "603244"]
[EventDate "2020.05.16"]

1. e4 d6 2. d4 Nf6 3. Nc3 e5 4. Nf3 Nbd7 5. Bc4 Be7 6. O-O O-O 7. h3 a6 8. a4 b6
9. Re1 Bb7 10. Nd5 c6 11. Nxe7+ Qxe7 12. dxe5 dxe5 13. Bg5 b5 14. Bb3 Nc5 15.
Qe2 Rfe8 16. Nd2 h6 17. Bh4 Ne6 18. Bxe6 Qxe6 19. Nf3 b4 20. Nd2 c5 21. Bxf6
Qxf6 22. Qe3 Rac8 23. Nc4 Red8 24. Red1 Rd4 25. Rxd4 cxd4 26. Qd3 Qc6 27. b3
Qxe4 28. Qxe4 Bxe4 29. Nd6 Rxc2 30. Nxe4 f5 31. Nd6 d3 32. Nxf5 d2 33. Rd1 Kf7
34. Ne3 Rb2 35. Kf1 Rxb3 36. Rxd2 Ra3 37. Nc4 Rxa4 38. Nxe5+ Ke6 39. Nc4 Ra1+
40. Ke2 a5 41. Rd6+ Ke7 42. Rb6 Ra2+ 43. Kf3 Kd7 44. Rb5 1-0

[Event "ch-FRA Blitz Online Qual"]
[Site "Europe-Chess INT"]
[Date "2020.05.16"]
[Round "7"]
[White "Burgalat, Eliot"]
[Black "Materia, Marco"]
[Result "1-0"]
[BlackTitle "FM"]
[WhiteElo "1963"]
[BlackElo "2269"]
[WhiteFideId "36068659"]
[BlackFideId "45150451"]
[EventDate "2020.05.16"]

1. Nf3 d5 2. d4 Nf6 3. c4 e6 4. Nc3 Be7 5. e3 O-O 6. Be2 b6 7. O-O Bb7 8. b3
Nbd7 9. Bb2 c5 10. Rc1 Rc8 11. Ne5 Qc7 12. f4 dxc4 13. Bxc4 Rfd8 14. Nxd7 Qxd7
15. Qe2 cxd4 16. Rfd1 dxc3 17. Rxd7 cxb2 18. Rxd8+ Rxd8 19. Qxb2 Bc5 20. Qe2 Ng4
21. Rc3 Be4 22. Qxg4 Rd2 23. Bf1 Rxa2 24. Qd1 h6 25. b4 Be7 26. Rc8+ Kh7 27. Bd3
Bxd3 28. Qxd3+ f5 29. Rc7 Bh4 30. g3 Bf6 31. Qd7 Ra1+ 32. Kg2 Ra2+ 33. Kh3 h5
34. Qxe6 h4 35. Qxa2 hxg3 36. hxg3 Kg6 37. Qf7+ Kh6 38. g4 fxg4+ 39. Kxg4 a5 40.
Qh5# 1-0

[Event "ch-FRA Blitz Online Qual"]
[Site "Europe-Chess INT"]
[Date "2020.05.16"]
[Round "7"]
[White "Louistisserand, Patrick"]
[Black "Lamaze, Simon"]
[Result "1/2-1/2"]
[WhiteTitle "FM"]
[BlackTitle "CM"]
[WhiteElo "2245"]
[BlackElo "2185"]
[WhiteFideId "635049"]
[BlackFideId "36069264"]
[EventDate "2020.05.16"]

1. d4 Nf6 2. c4 e6 3. Nc3 Bb4 4. e3 O-O 5. Bd3 d5 6. Nf3 dxc4 7. Bxc4 c5 8. O-O
Bxc3 9. bxc3 b6 10. Qe2 Qc7 11. a4 Bb7 12. Ba3 Nbd7 13. Rfc1 Rac8 14. Bd3 e5 15.
Nd2 e4 16. Ba6 Bxa6 17. Qxa6 Rfd8 18. h3 Qb8 19. Rab1 Qa8 20. a5 Qd5 21. c4 Qg5
22. Nf1 cxd4 23. exd4 bxa5 24. Be7 Re8 25. Bxf6 Nxf6 26. Ne3 Rcd8 27. d5 Nd7 28.
Qxa5 f5 29. d6 Ne5 30. Rb5 f4 31. Ng4 f3 32. Re1 Nxc4 33. Rxg5 Nxa5 34. Rxa5
Rxd6 35. gxf3 Rde6 36. fxe4 Rxe4 37. Rxe4 Rxe4 38. Rxa7 Rf4 39. Kg2 h6 40. Kg3
Rf8 41. h4 Kh7 42. h5 Rf5 43. Kh4 Rf4 44. Ra8 Rf5 45. Rb8 Rf4 46. Re8 Rf5 47.
Rd8 Rf4 48. Rd7 Rf5 49. Re7 Rf4 50. Kg3 Rf5 51. Kh4 Rf4 52. Re2 Rc4 53. Kg3 Rc3+
54. Re3 Rc4 55. f4 Rc1 56. Re2 Rg1+ 57. Rg2 Rh1 58. Rh2 Rg1+ 59. Kf3 Rf1+ 60.
Nf2 Ra1 61. Rh1 Ra3+ 62. Kg4 Ra2 63. Ne4 Ra4 64. Ng3 Ra5 65. Rb1 Ra7 66. Nf5 Rd7
67. Re1 Rd2 68. Re7 Rg2+ 69. Kf3 Rg1 70. Nh4 Rh1 71. Kg4 Rg1+ 72. Kf5 Rh1 73.
Kg4 Rg1+ 74. Kh3 Rh1+ 75. Kg3 Rg1+ 76. Ng2 Rh1 77. Re5 Rg1 78. f5 Rf1 79. Ne3
Rh1 80. Kg4 Rg1+ 81. Kf4 Rh1 82. f6 gxf6 83. Re7+ Kg8 84. Kf5 Rxh5+ 85. Kxf6 Rb5
86. Re8+ Kh7 87. Re7+ Kg8 88. Ng4 Rb6+ 89. Kf5 h5 90. Nf6+ Kf8 91. Rh7 Rb1 92.
Nxh5 Rg1 93. Nf4 Rf1 94. Ra7 Ke8 95. Ra4 Kd7 96. Rd4+ Kc6 97. Re4 Kc5 98. Ke5
Rd1 99. Re3 Rh1 100. Ne6+ Kc4 101. Re4+ Kd3 102. Rg4 Rh5+ 103. Ng5 Ke3 104. Rg3+
Kf2 105. Rf3+ Ke2 106. Kf4 Rxg5 107. Kxg5 Kxf3 1/2-1/2

[Event "ch-FRA Blitz Online Qual"]
[Site "Europe-Chess INT"]
[Date "2020.05.16"]
[Round "7"]
[White "Gretry, Patrice"]
[Black "Saya, Ethan"]
[Result "1/2-1/2"]
[WhiteElo "2017"]
[BlackElo "2199"]
[WhiteFideId "624675"]
[BlackFideId "26095181"]
[EventDate "2020.05.16"]

1. e4 e6 2. d4 d5 3. exd5 exd5 4. Bd3 Nf6 5. Nf3 Bd6 6. O-O O-O 7. c3 h6 8. h3
c6 9. Re1 Re8 10. Be3 Nbd7 11. Nbd2 Qc7 12. Qc2 Nf8 13. Nf1 Bd7 14. Bd2 a5 15.
a4 Rxe1 16. Rxe1 Re8 17. Rxe8 Bxe8 18. Qd1 Bd7 19. Qe2 Ne6 20. g3 Nf8 21. Kg2
Qc8 22. h4 Bg4 23. Ne3 Bh3+ 24. Kg1 Qe6 25. Ng2 Bg4 26. Qxe6 fxe6 27. Ne5 Bd1
28. c4 Bc7 29. cxd5 Nxd5 30. Nc4 b6 31. Ne5 Bxe5 32. dxe5 Bxa4 33. Be4 Nd7 34.
f4 Nc5 35. Bb1 Nb3 36. Be1 Nd4 37. Kf2 Kf7 38. Ne3 Nxe3 39. Kxe3 Nc2+ 40. Bxc2
Bxc2 41. Kd4 Bf5 42. Bf2 Kg6 43. Ke3 Kh5 44. Kf3 c5 45. Be1 Bg4+ 46. Kf2 Bd1 47.
Bc3 Kg4 48. Kg2 a4 49. Kf2 b5 50. Ba5 c4 51. Bb4 Bc2 52. Bf8 h5 53. Be7 Bd3 54.
Bf8 Be4 55. Bb4 Bd5 56. Bf8 g6 57. Bb4 Kf5 58. Ke3 Kg4 59. Kf2 Be4 60. Ke3 Bb1
61. Kf2 Bc2 62. Be7 Bb3 63. Bf8 Kf5 64. Ke3 Ba2 65. Be7 Kg4 66. Kf2 Bb1 67. Bb4
Bd3 68. Be7 Kh3 69. Bb4 Bf5 70. Be7 Kh2 71. Bb4 Kh1 72. Be7 Bg4 73. Bb4 Bh3 74.
Be7 Bg2 75. Bb4 Bd5 76. Be7 Kh2 77. Bb4 Kh3 78. Be7 Kg4 79. Bb4 1/2-1/2

[Event "ch-FRA Blitz Online Qual"]
[Site "Europe-Chess INT"]
[Date "2020.05.16"]
[Round "7"]
[White "Song, Julien"]
[Black "Haberthur, Maxime"]
[Result "1-0"]
[WhiteTitle "IM"]
[WhiteElo "2306"]
[BlackElo "1941"]
[WhiteFideId "659487"]
[BlackFideId "36097551"]
[EventDate "2020.05.16"]

1. e4 c6 2. d4 d5 3. exd5 cxd5 4. c4 Nf6 5. Nc3 Nc6 6. cxd5 Nxd5 7. Nf3 e6 8.
Bd3 Be7 9. O-O O-O 10. a3 Bf6 11. Bc2 b6 12. Qd3 g6 13. Bh6 Re8 14. Ne4 Bh8 15.
Rad1 Bb7 16. h4 Bg7 17. Bxg7 Kxg7 18. h5 Nce7 19. Ne5 Nf5 20. Rfe1 Qh4 21. Ba4
Red8 22. Bc6 Bxc6 23. Nxc6 Rdc8 24. Ne5 Qxh5 25. g4 Qh4 26. gxf5 exf5 27. Nd6
Rc7 28. Qg3 Qf6 29. Ndc4 Rac8 30. Ne3 Nxe3 31. Qxe3 Rc2 32. Rd2 R2c7 33. Red1
Qh4 34. Qg3 Qf6 35. Nf3 Rd7 36. Qe5 Rcd8 37. Qxf6+ Kxf6 38. Ne5 Rd5 39. Nc4 b5
40. Ne3 R5d6 41. f4 a6 42. Kf2 h6 43. d5 g5 44. Kf3 g4+ 45. Kg3 h5 46. Rh1 Re8
47. Rd3 Rh8 48. b4 Kg6 49. Rd2 Re8 50. Rd3 Rh8 51. Rh2 Kf6 52. Ng2 Kg6 53. Nh4+
Kf6 54. Re2 Rhd8 55. Re5 Kg7 56. Nxf5+ 1-0

[Event "ch-FRA Blitz Online Qual"]
[Site "Europe-Chess INT"]
[Date "2020.05.16"]
[Round "7"]
[White "Partac, Elena"]
[Black "Ternault, Mathieu"]
[Result "0-1"]
[WhiteTitle "WGM"]
[BlackTitle "FM"]
[WhiteElo "2079"]
[BlackElo "2363"]
[WhiteFideId "13901001"]
[BlackFideId "20641532"]
[EventDate "2020.05.16"]

1. e4 Nc6 2. Nf3 d6 3. Nc3 Nf6 4. h3 g6 5. d4 Bg7 6. Be2 O-O 7. O-O a6 8. Be3 e5
9. Qd2 exd4 10. Nxd4 Re8 11. Bf3 Bd7 12. Rfe1 Ne5 13. Be2 c5 14. Nf3 Qc7 15.
Nxe5 dxe5 16. Bc4 b5 17. Nd5 Nxd5 18. Bxd5 Rad8 19. Qc3 Be6 20. Bxe6 Rxe6 21.
Qxc5 Rc6 22. Qb4 Rc4 23. Qb3 Rxe4 24. Rad1 Rc4 25. c3 f5 26. Bg5 Rxd1 27. Rxd1
h6 28. Bd8 Qc6 29. Be7 Qe6 30. Rd8+ Kh7 31. Bf8 Qf6 32. Bxg7 Qxd8 33. Bxe5 Qd5
34. f4 g5 35. Qc2 Re4 36. Qf2 Qd7 37. h4 gxf4 38. Bxf4 Qe7 39. Qg3 Re2 40. Kh2
Qg7 41. Qf3 Rxb2 42. Bg3 Qf7 43. h5 Rxa2 44. Be5 Ra4 45. Qa8 Qxh5+ 46. Kg1 Ra1+
47. Kf2 Qh4+ 48. Bg3 Ra2+ 49. Kg1 Qxg3 50. Qb7+ Kg6 51. Qc6+ Kh5 52. Qe8+ Qg6
53. Qc6 Qxg2+ 0-1

[Event "ch-FRA Blitz Online Qual"]
[Site "Europe-Chess INT"]
[Date "2020.05.16"]
[Round "7"]
[White "Roux, Baptiste"]
[Black "Eden, James"]
[Result "1/2-1/2"]
[BlackTitle "IM"]
[WhiteElo "2145"]
[BlackElo "2330"]
[WhiteFideId "36017450"]
[BlackFideId "666491"]
[EventDate "2020.05.16"]

1. e4 e5 2. Nf3 Nc6 3. Bb5 a6 4. Ba4 Nf6 5. O-O Be7 6. Re1 b5 7. Bb3 O-O 8. c3
d5 9. exd5 Nxd5 10. d4 exd4 11. cxd4 Bf6 12. h3 Bb7 13. Nc3 Nxc3 14. bxc3 Na5
15. Bf4 Nxb3 16. axb3 c5 17. Be5 Bxe5 18. dxe5 Qc7 19. Qd6 Qxd6 20. exd6 Bxf3
21. gxf3 Rfd8 22. Red1 f6 23. d7 Kf7 24. Rd6 a5 25. Rd5 a4 26. Rxc5 Rxd7 27.
Rxb5 a3 28. Ra2 Rd3 29. Rc5 Rxf3 30. Kg2 Rd3 31. b4 Rd1 32. Ra5 Rc8 33. R2xa3
Rc1 34. Rc5 Rxc5 35. bxc5 Ke6 36. Ra7 g5 37. Rxh7 Rxc3 38. Rc7 Kd5 39. f3 f5 40.
Kg3 Ke5 41. c6 Rc2 42. Rc8 f4+ 43. Kg4 Rg2+ 44. Kh5 Rg3 45. c7 Kd6 46. Rg8 Rxh3+
47. Kg4 Rg3+ 48. Kf5 Kxc7 49. Rxg5 Rxf3 50. Rg4 Rf2 51. Rxf4 Rxf4+ 52. Kxf4 1/2-1/2

[Event "ch-FRA Blitz Online Qual"]
[Site "Europe-Chess INT"]
[Date "2020.05.16"]
[Round "7"]
[White "Navrotescu, Andreea-Cristiana"]
[Black "Gherghinoiu, Lucas"]
[Result "0-1"]
[WhiteTitle "WIM"]
[WhiteElo "2284"]
[BlackElo "2089"]
[WhiteFideId "675946"]
[BlackFideId "36051462"]
[EventDate "2020.05.16"]

1. d4 d5 2. c4 e6 3. Nc3 Nf6 4. Nf3 Be7 5. Bf4 O-O 6. e3 b6 7. Rc1 c5 8. Nb5 a6
9. Nc3 Bb7 10. cxd5 Nxd5 11. Nxd5 Bxd5 12. a3 h6 13. dxc5 bxc5 14. Be2 Qa5+ 15.
Qd2 Qxd2+ 16. Nxd2 Nd7 17. e4 Bb7 18. f3 Bf6 19. Nc4 e5 20. Be3 Be7 21. Kf2 f5
22. Rhd1 Rad8 23. exf5 Rxf5 24. Na5 Ba8 25. Bxa6 e4 26. Bc4+ Kh8 27. Be6 Bh4+
28. Kg1 Re5 29. Bxd7 exf3 30. Bf4 Re2 31. g3 Bf6 32. Bc6 Bd4+ 33. Kf1 Rf2+ 34.
Ke1 Bxc6 35. Nxc6 Re8+ 36. Be5 Re2+ 37. Kf1 Bxe5 38. Nxe5 R8xe5 39. Rd8+ Kh7 40.
b4 cxb4 41. axb4 Rxh2 42. Rf8 Rh1+ 43. Kf2 Rxc1 44. Rxf3 Rb5 45. Rb3 Rc4 0-1

[Event "ch-FRA Blitz Online Qual"]
[Site "Europe-Chess INT"]
[Date "2020.05.16"]
[Round "7"]
[White "Bassini, Emile"]
[Black "Briand, Amaury"]
[Result "1-0"]
[WhiteElo "2288"]
[BlackElo "1929"]
[WhiteFideId "26084074"]
[BlackFideId "36054968"]
[EventDate "2020.05.16"]

1. e4 e5 2. Nf3 Nc6 3. Bb5 Nf6 4. O-O Be7 5. Re1 d6 6. c3 O-O 7. d4 exd4 8. cxd4
a6 9. Ba4 b5 10. Bb3 d5 11. e5 Ne4 12. Nc3 Nxc3 13. bxc3 Be6 14. Bc2 Na5 15. Qd3
g6 16. Bh6 Re8 17. Qe3 Nc4 18. Qf4 Bf8 19. h4 Bxh6 20. Qxh6 f6 21. exf6 Qxf6 22.
Ng5 Re7 23. Rxe6 Rxe6 24. Qxh7+ Kf8 25. Nxe6+ Qxe6 26. Qxg6 Qe2 27. Qf6+ Kg8 28.
Bg6 Rf8 29. Bh7+ Kxh7 30. Qxf8 Nd2 31. h5 Ne4 32. Qf7+ Kh8 33. h6 Qg4 34. Qg7+
Qxg7 35. hxg7+ Kxg7 36. f3 Nxc3 37. Re1 Nxa2 38. Re7+ Kf6 39. Rxc7 Nb4 40. f4
Kf5 41. Rf7+ Ke4 42. g4 Kxd4 43. g5 Nc6 44. g6 Nd8 45. Rf6 b4 46. g7 b3 47. g8=Q
b2 48. Rb6 1-0

[Event "ch-FRA Blitz Online Qual"]
[Site "Europe-Chess INT"]
[Date "2020.05.16"]
[Round "7"]
[White "Khachatryan, Samvel S."]
[Black "Doluhanova, Evgeniya"]
[Result "0-1"]
[BlackTitle "WGM"]
[WhiteElo "2179"]
[BlackElo "2229"]
[WhiteFideId "13309048"]
[BlackFideId "14112035"]
[EventDate "2020.05.16"]

1. e4 e5 2. Nf3 Nc6 3. Bc4 Bc5 4. c3 Nf6 5. d4 exd4 6. O-O d5 7. exd5 Nxd5 8.
Qb3 Nce7 9. Qb5+ c6 10. Qxc5 O-O 11. Qxd4 Be6 12. Bg5 f6 13. Bh4 Bf7 14. Na3 Qa5
15. Rad1 Rad8 16. Qg4 h5 17. Qg3 Nf5 18. Qh3 Nf4 19. Bxf7+ Kxf7 20. Ne5+ Qxe5
21. Qf3 Nxh4 22. Qe3 Nhxg2 23. Qxa7 Qg5 24. Qxb7+ Kg6 25. Qxc6 Ne1+ 26. Kh1 Rxd1
27. Qe4+ f5 28. Qc6+ Kh7 29. Nc2 Nf3 0-1

[Event "ch-FRA Blitz Online Qual"]
[Site "Europe-Chess INT"]
[Date "2020.05.16"]
[Round "7"]
[White "Cleran, Anthony"]
[Black "Pucher, Sebastien"]
[Result "0-1"]
[BlackTitle "FM"]
[WhiteElo "1933"]
[BlackElo "2322"]
[WhiteFideId "626066"]
[BlackFideId "627232"]
[EventDate "2020.05.16"]

1. e4 g6 2. d4 Bg7 3. Be3 c5 4. c3 cxd4 5. cxd4 d5 6. e5 f6 7. exf6 exf6 8. Nc3
Ne7 9. Nf3 O-O 10. Bd3 Nbc6 11. a3 Be6 12. Qd2 Qd7 13. h4 Bg4 14. h5 Bxh5 15.
Rxh5 gxh5 16. O-O-O Rac8 17. Kb1 Na5 18. Rh1 Nc4 19. Bxc4 dxc4 20. Rxh5 Qg4 21.
Rh2 b5 22. Qc2 Qg6 23. Nxb5 Nd5 24. Qxg6 hxg6 25. Nxa7 Rce8 26. Nh4 Kf7 27. Nb5
Re6 28. Rh3 Rh8 29. g3 Nxe3 30. fxe3 Rxe3 31. d5 Rd3 32. Nd6+ Kg8 33. Nxc4 g5 0-1

[Event "ch-FRA Blitz Online Qual"]
[Site "Europe-Chess INT"]
[Date "2020.05.16"]
[Round "7"]
[White "Durand-Le Ludec, Brendan-Budok"]
[Black "Baudouin, Simon"]
[Result "1-0"]
[WhiteElo "2205"]
[BlackElo "1926"]
[WhiteFideId "26064340"]
[BlackFideId "36051284"]
[EventDate "2020.05.16"]

1. e4 c5 2. Nf3 d6 3. d4 cxd4 4. Nxd4 Nf6 5. Nc3 a6 6. Be2 e6 7. g4 d5 8. e5
Nfd7 9. f4 g5 10. Be3 Bg7 11. fxg5 Nxe5 12. Qd2 Nbc6 13. O-O-O b5 14. Rhf1 Bd7
15. Nxc6 Bxc6 16. Bd4 O-O 17. Qf4 Nc4 18. Bxg7 Kxg7 19. Bxc4 bxc4 20. Qe5+ Kg8
21. Ne4 Qb8 22. Nf6+ Kh8 23. Qc3 e5 24. Nxd5 Bxd5 25. Rxd5 Qc7 26. Rxe5 Kg8 27.
h4 Rad8 28. h5 Rd6 29. Rf6 Rfd8 30. Rxd6 Qxd6 31. Re1 Qf4+ 32. Qe3 Qxg4 33. h6
Kf8 34. Qe7+ Kg8 35. Qxd8# 1-0

[Event "ch-FRA Blitz Online Qual"]
[Site "Europe-Chess INT"]
[Date "2020.05.16"]
[Round "7"]
[White "Dubois, Martine"]
[Black "Barbaras, Mathieu"]
[Result "0-1"]
[WhiteTitle "WIM"]
[WhiteElo "1802"]
[BlackElo "2200"]
[WhiteFideId "601926"]
[BlackFideId "20622910"]
[EventDate "2020.05.16"]

1. e4 c5 2. Nf3 d6 3. d4 cxd4 4. Qxd4 Nf6 5. c4 Nc6 6. Qe3 g6 7. Nc3 Bg7 8. h3
O-O 9. Be2 Nd7 10. O-O Nde5 11. Rd1 Nxf3+ 12. Bxf3 f5 13. c5 Ne5 14. cxd6 exd6
15. exf5 Nxf3+ 16. Qxf3 Rxf5 17. Qe2 d5 18. Qb5 d4 19. Qc4+ Kh8 20. Ne2 Qf8 21.
Nxd4 Rxf2 22. Be3 Rxb2 23. Rf1 Qe8 24. Rae1 Qg8 25. Qxg8+ Kxg8 26. Bg5 Bxd4+ 27.
Kh1 Bf5 28. g4 Bd7 29. Rd1 Bc6+ 0-1

[Event "ch-FRA Blitz Online Qual"]
[Site "Europe-Chess INT"]
[Date "2020.05.16"]
[Round "7"]
[White "Bouget, Alexandre"]
[Black "Eveno, Nathan"]
[Result "1-0"]
[WhiteTitle "FM"]
[WhiteElo "2238"]
[BlackElo "2069"]
[WhiteFideId "681318"]
[BlackFideId "45132178"]
[EventDate "2020.05.16"]

1. d4 d5 2. c4 e6 3. Nc3 c5 4. cxd5 exd5 5. Nf3 Nc6 6. dxc5 d4 7. Na4 Bxc5 8.
Nxc5 Qa5+ 9. Qd2 Qxc5 10. a3 a5 11. b4 Qb6 12. Rb1 axb4 13. axb4 Be6 14. b5 Rd8
15. Ba3 Na5 16. Qb4 Nc4 17. Qf8+ Kd7 18. Qb4 Nxa3 19. Qxa3 f6 20. Nxd4 Ne7 21.
e3 Nd5 22. Bc4 Ra8 23. Qb3 Qd6 24. Nxe6 Kxe6 25. e4 Rhe8 26. Bxd5+ Kd7 27. O-O
Ra3 28. Qc4 Rc8 29. Qe2 Rac3 30. Bxb7 R8c7 31. Rbd1 1-0

[Event "ch-FRA Blitz Online Qual"]
[Site "Europe-Chess INT"]
[Date "2020.05.16"]
[Round "7"]
[White "Maisuradze, Nino"]
[Black "Breuil, Tristan"]
[Result "1-0"]
[WhiteTitle "WGM"]
[WhiteElo "2214"]
[BlackElo "1898"]
[WhiteFideId "13601717"]
[BlackFideId "45163685"]
[EventDate "2020.05.16"]

1. d4 Nf6 2. c4 e6 3. Nc3 Bb4 4. e3 c5 5. Ne2 O-O 6. a3 Bxc3+ 7. Nxc3 b6 8. Be2
Bb7 9. O-O d5 10. cxd5 Nxd5 11. Bf3 Nxc3 12. bxc3 Bxf3 13. Qxf3 Nd7 14. e4 cxd4
15. cxd4 Rc8 16. Bb2 Qf6 17. Qb3 Qg6 18. Rfe1 Nf6 19. f3 Nh5 20. Bc1 Rc6 21. Be3
Rfc8 22. Rac1 Rxc1 23. Bxc1 Qf6 24. Be3 Nf4 25. g3 Ng6 26. Kg2 Ne7 27. a4 h6 28.
Re2 Rc6 29. d5 exd5 30. exd5 Rc3 31. Qb5 Kh7 32. Bf4 Nf5 33. Qb4 Rc5 34. Be5 Qe7
35. Qe4 g6 36. g4 Nd6 37. Qd3 Qd8 38. Kg3 f6 39. Bb2 Nf7 40. Rd2 Ne5 41. Bxe5
fxe5 42. d6 Qd7 43. h4 Kg7 44. h5 gxh5 45. gxh5 Rc8 46. Qg6+ Kf8 47. Qxh6+ Kf7
48. Qh7+ 1-0

[Event "ch-FRA Blitz Online Qual"]
[Site "Europe-Chess INT"]
[Date "2020.05.16"]
[Round "7"]
[White "Robert, Yoann"]
[Black "Coutton, Sylvain"]
[Result "0-1"]
[WhiteElo "2071"]
[BlackElo "2185"]
[WhiteFideId "36018805"]
[BlackFideId "610194"]
[EventDate "2020.05.16"]

1. b3 d5 2. Bb2 Bg4 3. Nf3 Nd7 4. e3 Ngf6 5. h3 Bh5 6. g4 Bg6 7. d3 h6 8. Bg2 e6
9. Ne5 Nxe5 10. Bxe5 Bd6 11. Bb2 Qe7 12. Nd2 e5 13. Qe2 O-O 14. O-O Rad8 15.
Rae1 Ba3 16. Ba1 Bb4 17. f4 exf4 18. exf4 Qc5+ 19. Kh1 Qxc2 20. Rc1 Qxd2 21.
Qxd2 Bxd2 22. Rxc7 Bxd3 23. Rd1 Bxf4 24. Rxb7 Ne4 25. Bd4 Bc2 26. Re1 Rfe8 27.
Kg1 Bd2 28. Re2 Bd3 29. Rxd2 Nxd2 30. Rxa7 Be4 31. Bf1 Nf3+ 32. Kf2 Nxd4 0-1